000 00448nam a2200181Ia 4500
001 4979
005 20260306145834.0
008 260306t2008||||xx |||||||||||||| ||spa||
041 _aESP
082 _a332.4
_bG23 2008
100 _aGarcía Crespo, Pedro Isaías
_eAUT
245 0 _aFinanciamiento internacional texto impreso
260 _c2008
300 _a388 páginas :
_ccm.
650 _aGEN
654 _aCAN
942 _cLIB
_dJUS
_fJUS
_2ddc
_n
999 _c4979
_d4979